Химия и биологическая активность синтетических и природных соединений. Азотистые гетероциклы и алкалоиды (Запись № 1325299)

Подробности
000 -МАРКЕР
контрольное поле 01851nam1a2200337 i 4500
001 - ИДЕНТИФИКАТОР ЗАПИСИ
контрольное поле RU\NLR\bibl\231848
005 - ИДЕНТИФИКАТОР ВЕРСИИ
контрольное поле 20260407071542.0
035 ## - ДРУГИЕ СИСТЕМНЫЕ НОМЕРА
Идентификатор записи (NLR Aleph) 000227799
100 ## - ДАННЫЕ ОБЩЕЙ ОБРАБОТКИ
Данные общей обработки 20020222g20019999k y0rusy50 ca
101 0# - ЯЗЫК РЕСУРСА
Язык текста, звукозаписи и т.д. русский
102 ## - СТРАНА ПУБЛИКАЦИИ ИЛИ ПРОИЗВОДСТВА
Страна публикации российская федерация
105 ## - ПОЛЕ КОДИРОВАННЫХ ДАННЫХ: ТЕКСТОВЫЕ МАТЕРИАЛЫ, МОНОГРАФИЧЕСКИЕ
Кодированные данные о монографическом текстовом документе a |||||||||
200 1# - ЗАГЛАВИЕ И СВЕДЕНИЯ ОБ ОТВЕТСТВЕННОСТИ
Основное заглавие Химия и биологическая активность синтетических и природных соединений. Азотистые гетероциклы и алкалоиды
Сведения, относящиеся к заглавию [Материалы Первой Междунар. конф. "Химия и биолог. активность азотистых гетероциклов и алкалоидов", М., 9-12 окт. 2001г.]
Первые сведения об ответственности Под ред. д.х.н. В.Г. Карцева и акад. Г.А. Толстикова
210 ## - ПУБЛИКАЦИЯ, РАСПРОСТРАНЕНИЕ И ДР.
Место издания, распространения и т.д. М.
Имя издателя, распространителя и т. д. Иридиум-Пресс
Дата издания, распространения и т.д. 2001
215 ## - ФИЗИЧЕСКАЯ ХАРАКТЕРИСТИКА
Размеры 24
463 #0 - УРОВЕНЬ ФИЗИЧЕСКОЙ ЕДИНИЦЫ
Встроенное поле 001227561
463 #0 - УРОВЕНЬ ФИЗИЧЕСКОЙ ЕДИНИЦЫ
Встроенное поле 001224689
517 0# - ДРУГИЕ ВАРИАНТЫ ЗАГЛАВИЯ
Вариант заглавия Азотистые гетероциклы и алкалоиды
606 0# - НАИМЕНОВАНИЕ ТЕМЫ КАК ПРЕДМЕТ
Наименование темы Гетероциклические соединения азотсодержащие
Формальный подзаголовок Съезды, совещания и т.п.
Системный номер авторитетной/нормативной записи 1134556
Идентификатор авторитетной/нормативной записи RU\NLR\auth\66131916
606 ## - НАИМЕНОВАНИЕ ТЕМЫ КАК ПРЕДМЕТ
Наименование темы Алкалоиды
Формальный подзаголовок Съезды, совещания и т.п.
Системный номер авторитетной/нормативной записи 908226
Идентификатор авторитетной/нормативной записи RU\NLR\auth\6611532
686 ## - ИНДЕКСЫ ДРУГИХ КЛАССИФИКАЦИЙ
Индекс Г26я431(0)
686 ## - ИНДЕКСЫ ДРУГИХ КЛАССИФИКАЦИЙ
Индекс Г29я431(0)
702 #1 - ИМЯ ЛИЦА - ВТОРИЧНАЯ ОТВЕТСТВЕННОСТЬ
Начальный элемент ввода Карцев
Часть имени, кроме начального элемента ввода В. Г.
Расширение инициалов личного имени Валерий Григорьевич
Код отношения Редактор
711 12 - НАИМЕНОВАНИЕ ОРГАНИЗАЦИИ - АЛЬТЕРНАТИВНАЯ ОТВЕТСТВЕННОСТЬ
Начальный элемент ввода "Химия и биологическая активность азотистых гетероциклов и алкалоидов", международная конференция
Порядковый номер временной организации и / или порядковый номер ее части 1
Дата проведения временной организации 2001
Место проведения временной организации Москва
Идентификатор авторитетной/нормативной записи RU\NLR\AUTH\8810035133
Системный номер авторитетной/нормативной записи 568476
801 #0 - ИСТОЧНИК ЗАПИСИ
Страна российская федерация
Организация NLR
Дата составления 20020222
Правила каталогизации PSBO
801 #1 - ИСТОЧНИК ЗАПИСИ
Страна российская федерация
Организация NLR
Дата составления 20020222
852 ## - МЕСТОНАХОЖДЕНИЕ И ШИФР ХРАНЕНИЯ
Идентификатор организации NLR
Шифр хранения (Call Number) 2002-7/375
942 ## - ДОПОЛНИТЕЛЬНЫЕ ЭЛЕМЕНТЫ ЗАПИСИ (АБИС)
Тип экземпляра АБИС Книга

Нет доступных экземпляров.